Step-by-step basic statistics using SAS: exercises

Guardat en:
Dades bibliogràfiques
Autor principal: Hatcher, Larry (Autor)
Format: Llibre
Idioma:anglès
Publicat: Cary SAS Institute 2003
Edició:1a. ed
Matèries:
Etiquetes: Afegir etiqueta
Sense etiquetes, Sigues el primer a etiquetar aquest registre!

MARC

LEADER 00000cam a2200000 a 4500
001 UCC5163
003 CL-VaPUC
008 180927e20030000us |||||||||||||||||eng|d
020 |a 1590471490 
082 0 4 |a 519.5  |b HAT  |2 21 
100 0 |a Hatcher, Larry  |e author  |9 599427 
245 1 0 |a Step-by-step basic statistics using SAS: exercises 
250 |a 1a. ed 
300 |a 346 p 
942 |c BK 
945 |d 20180927 22:58:00  |a dcastane 
260 |a Cary  |b SAS Institute  |c 2003 
650 0 |a Estadística matemática  |9 260028 
650 0 |a Investigación operativa  |9 259383 
650 7 |a SAS  |2 CL-VaPUC  |9 462470 
583 |a last modification  |c 20180927 22:58:00  |k Rodrigo Vera 
999 |c 372438  |d 372436 
952 |0 0  |1 0  |3 erb  |4 0  |6 519_500000000000000_HAT_2003  |7 0  |8 A  |9 490101  |a BIBGIM  |b BIBGIM  |i 5501768  |o 519.5 HAT 2003  |p 5501768  |r 2025-01-15  |w 2019-11-24  |y BK  |z Catalogado en:20180927  |k EST 
952 |0 0  |1 0  |3 erb  |4 0  |6 519_500000000000000_HAT_2003  |7 0  |8 A  |9 490102  |a BIBGIM  |b BIBGIM  |i 5501776  |o 519.5 HAT 2003  |p 5501776  |r 2025-01-15  |w 2019-11-24  |y BK  |z Catalogado en:20180927  |k EST